| 000 | 01097nam0a22002291i 4500 | ||
|---|---|---|---|
| 001 | rc\3280457 | ||
| 005 | 20240723223557.0 | ||
| 021 |
_aRU _b[74-21227а] |
||
| 035 | _a(NLR Aleph) 007397779 | ||
| 090 |
_a6679858 _c6679858 |
||
| 100 | _a20130115d1974 |||y0rusy50 ca | ||
| 101 | 0 | _arus | |
| 102 | _aRU | ||
| 105 | _aa d ||||| | ||
| 200 | 1 |
_aЭкономическая эффективность использования секционного модулированного оборудования в предприятиях общественного питания и пути ее повышения _e(На материалах гос. предприятий) _eАвтореф. дис. на соиск. учен. степени канд. экон. наук _e(08.00.05) _fУкр. науч.-исслед. ин-т торговли и обществ. питания |
|
| 210 |
_aКиев _d1974 |
||
| 215 |
_a22 с. _cсхем. |
||
| 700 | 1 |
_aШалун _bВ.И. _gВиктор Иванович |
|
| 801 | 0 |
_aRU _bNLR _gpsbo |
|
| 801 | 1 |
_aRU _bELAR _2rusmarc |
|
| 852 |
_aNLR _j74-4/27273 |
||
| 942 | _cBOOK | ||